000 01025nam a2200289 i 4500
001 bg
100 1 _aBarteczko, Krzysztof.
245 0 0 _aNowe metody programowania.
_nT. 2 /
_cKrzysztof Barteczko, Wojciech Drabik, Bartłomiej Starosta.
260 _aWarszawa :
_bWydawnictwo PJWSTK,
_ccop. 2006.
300 _a516 s. ;
_c24 cm.
490 1 _aPodręczniki Akademickie / Polsko-Japońska Wyższa Szkoła Technik Komputerowych ;
_vt. 16
650 9 _aProgramowanie (informat.)
650 9 _aJava
655 _aPodręczniki akademickie
700 1 _aDrabik
_bWojciech.
700 1 _aStarosta
_bBartłomiej.
830 0 _aPodręczniki Akademickie (Polsko-Japońska Wyższa Szkoła Technik Komputerowych)
_vt. 16
020 _a838924439X
040 _cBPK
041 0 _apol
044 _apol
080 _a004.4(075.8)
920 _a83-89244-39-X
942 _cKS
008 s pl f |000 0 pol
999 _c54006
_d54006
856 _uhttp://koha.tu.koszalin.pl/cgi-bin/koha/opac-detail.pl?biblionumber=54006
_yKatalog online BPK